Statistics for Islands by Satellite Image #28

Click here to take the quiz!

General Stats

  • This quiz has been taken 4 times
  • The average score is 9 of 16

Answer Stats

Answer% Correct
Flevopolder
100%
Padre Island
75%
Farol (Rocas Atoll)
50%
Guadalupe
50%
Île de l'Est
50%
Île Saint-Louis
50%
Islay
50%
Kaho'olawe
50%
Kwajalein Island
50%
Mafia Island
50%
Magerøya
50%
Malakula
50%
Middle Andaman Island
50%
Sable Island
50%
Sentosa
50%
Zhoushan Island
50%

Score Distribution

Percentile by Number Answered

Percent of People with Each Score

Your Score History

You have not taken this quiz